|
|
|
|
| LEADER |
01264nam a2200265 a 4500 |
| 001 |
GR-Antirio854 |
| 008 |
090529s2003 mau b 001 0 gre d |
| 020 |
|
|
|a 0201743876
|
| 040 |
|
|
|a GrPaTEI
|b gre
|c GR-PaULI
|
| 040 |
|
|
|a GrPaTEI
|b gre
|c GR-PaULI
|
| 040 |
|
|
|a GrPaTEI
|b gre
|c GR-PaULI
|
| 082 |
|
0 |
|a 005.74
|2 21
|
| 100 |
0 |
|
|a Riccardi, Greg
|
| 245 |
1 |
0 |
|a Database management with web site development applications /
|c Riccardi, Greg.
|
| 260 |
|
|
|a Boston :
|b Addison-Wesley,
|c c 2003
|
| 300 |
|
|
|a xxiii. , 417 σ. :
|b εικ. , col. ;
|c 29 εκ.
|
| 504 |
|
|
|a Περιλαμβάνει βιβλιογραφίες και ευρετήριο.
|
| 650 |
|
0 |
|a Database management
|
| 650 |
1 |
0 |
|a Web site development
|
| 653 |
|
|
|a APPLICATION SOFTWARE--DEVELOPMENT
|
| 942 |
|
|
|2 ddc
|
| 952 |
|
|
|0 0
|1 0
|2 ddc
|4 0
|6 005_740000000000000_RIC
|7 0
|9 262337
|a LISK-2
|b LISK-2
|c BSC
|d 2021-01-17
|e 24
|f 0
|g 0.00
|l 0
|o 005.74 RIC
|p 2430000007368
|r 2021-01-17 00:00:00
|t 1
|w 2021-01-17
|y BK15
|x 20090529 0 1
|x GrPaTEI - Antirrio
|
| 952 |
|
|
|0 0
|1 0
|2 ddc
|4 0
|6 005_740000000000000_RIC
|7 0
|9 262338
|a LISK-2
|b LISK-2
|c BSC
|d 2021-01-17
|e 24
|f 0
|g 0.00
|l 0
|o 005.74 RIC
|p 2430000007369
|r 2021-01-17 00:00:00
|t 1
|w 2021-01-17
|y BK15
|x 20090529 0 1
|x GrPaTEI - Antirrio
|
| 971 |
|
|
|a .b25706536
|b 01-10-20
|c 12-09-16
|
| 999 |
|
|
|c 151280
|d 151280
|